Estatutos = Estatuts / Federación Sindical de Obreras
Descripción Física:
15 p. ; 21 cm
Materias:
Federació Sindical d'Obreres -- Estatuts
MARC
| LEADER | 00000nam a2200000Ia 4500 | ||
|---|---|---|---|
| 001 | 20664 | ||
| 003 | BGR | ||
| 005 | 20260324180146.0 | ||
| 008 | 160829s1914 xx 000 0 cat d | ||
| 080 | |a 4176, exp. 58 | ||
| 110 | 2 | |a Federació Sindical d'Obreres |9 70946 | |
| 245 | |a Estatutos = Estatuts / Federación Sindical de Obreras | ||
| 260 | |a Barcelona : |b Tipografía Vda. L. Benaiges, |c 1914 | ||
| 300 | |a 15 p. ; |c 21 cm | ||
| 590 | |a Text en català i castellà | ||
| 650 | |a Federació Sindical d'Obreres |x Estatuts |9 48112 | ||
| 901 | |a Arxiu | ||
| 942 | |n 1 |2 udc |c MON | ||
| 952 | |0 0 |1 0 |4 0 |6 4176_EXP_58 |7 1 |9 54332 |a Arxiu |b Arxiu |d 2016-12-01 |l 0 |o 4176, exp. 58 |p 20664 |r 2016-12-01 00:00:00 |w 2016-12-01 |y ARXIU | ||
| 999 | |c 58201 |d 58201 | ||